ORTODONCIA (Registro nro. 46222)
[ vista simple ]
| 000 -LEADER | |
|---|---|
| fixed length control field | 00986nam a2200193 a 4500 |
| 001 - CONTROL NUMBER | |
| control field | 46222 |
| 005 - DATE AND TIME OF LATEST TRANSACTION | |
| control field | 20180714025715.0 |
| 008 - FIXED-LENGTH DATA ELEMENTS--GENERAL INFORMATION | |
| fixed length control field | 140415s2003 mx 000 0 spa d |
| 020 ## - INTERNATIONAL STANDARD BOOK NUMBER | |
| International Standard Book Number | 9701041186 |
| 041 ## - LANGUAGE CODE | |
| Language code of text/sound track or separate title | spa |
| 082 ## - DEWEY DECIMAL CLASSIFICATION NUMBER | |
| Classification number | 617.643 |
| Item number | BIS |
| 100 1# - MAIN ENTRY--PERSONAL NAME | |
| Personal name | BISHARA, SAMIR E. |
| 245 10 - TITLE STATEMENT | |
| Title | ORTODONCIA |
| 250 ## - EDITION STATEMENT | |
| Edition statement | 1a ed. |
| 260 ## - PUBLICATION, DISTRIBUTION, ETC. | |
| Place of publication, distribution, etc. | MEXICO : |
| Name of publisher, distributor, etc. | MCGRAW-HILL INTERAMERICANA EDITORES, |
| Date of publication, distribution, etc. | 2003 |
| 300 ## - PHYSICAL DESCRIPTION | |
| Extent | 635 |
| Dimensions | 22 x 2.5 x 28.3 |
| 520 ## - SUMMARY, ETC. | |
| Summary, etc. | LA PRESENTE OBRA REPRESENTA UN ESFUERZO DESTINADO A PROPORCIONAR INFORMACIŇN DE LOS ADELANTOS TÉCNICOS EN FORMATO LŇGICO, QUE AYUDE A LOS ESTUDIATES DE ORTODONCIA A COMPRENDER Y APLICAR LOS CONCEPTOS BÁSICOS DE DIAGNŇSTICO Y TRATAMIENTO. AUNQUE NO SE INTENTA OFRECER UN MÉTODO DEFINITIVO PARA TRATAR TODOS LOS TIPOS DE MALOCLUSIŇN, ASÄš SE ESPERA QUE BRINDE INFORMACIŇN SUFICIENTE PARA QUE EL MÉDICO DIAGNOSTIQUE ATINADAMENTE LAS COMPLEJIDADES DE UN PROBLEMA DETERMINADO, AL TIEMPO QUE OFREZ |
| 650 14 - SUBJECT ADDED ENTRY--TOPICAL TERM | |
| Topical term or geographic name entry element | ORTODONCIA |
| Withdrawn status | Lost status | Source of classification or shelving scheme | Damaged status | Not for loan | Collection code | Home library | Current library | Shelving location | Date acquired | Source of acquisition | Inventory number | Total Checkouts | Full call number | Barcode | Date last seen | Date last checked out | Price effective from | Koha item type |
|---|---|---|---|---|---|---|---|---|---|---|---|---|---|---|---|---|---|---|
| Dewey Decimal Classification | General | Biblioteca Karol Wojtyla | Biblioteca Karol Wojtyla | Sala general | 03/12/2013 | Compra | 151000000000000000007895 | 2 | 617.643 BIS 2003 | 69314 | 05/01/2026 | 02/12/2019 | 15/01/2015 | Libro | ||||
| Extraviado | Dewey Decimal Classification | Biblioteca Karol Wojtyla | Biblioteca Karol Wojtyla | 03/12/2013 | Compra | 617.643 BIS 2003 | 69315 | 15/01/2015 | Libro | |||||||||
| Dewey Decimal Classification | General | Biblioteca Karol Wojtyla | Biblioteca Karol Wojtyla | Sala general | 03/12/2013 | Compra | 151000000000000000007892 | 1 | 617.643 BIS 2003 | 69313 | 23/01/2026 | 23/01/2026 | 15/01/2015 | Reserva permanente | ||||
| Extraviado | Dewey Decimal Classification | Biblioteca Karol Wojtyla | Biblioteca Karol Wojtyla | 03/12/2013 | Compra | 617.643 BIS 2003 | 69316 | 15/01/2015 | Libro |